000 00944nam a2200265Ia 4500
003 OSt
005 20221005104845.0
006 a|||||r|||| 00| 0
007 ta
008 221004b |||||||| |||| 00| 0 hin d
020 _a9788174532855 (hbk)
_c500
024 _a102052
037 _b410, 23/03/2010, Swaraj Prakashan
_cTextual
040 _aCRL
_cCRL
_bhin
041 _2hin
_ahin
082 _aO152,1(/\25):g, P8
100 _aअजैब सिंह
245 0 _aमानव - मुक्ति और सन्त - साहित्य
246 _aMānav - mukti aur santa - sāhitya
260 _aदिल्ली
_bसंजय प्रकाशन भारत
_c2008
300 _a258पृ0
_ccm.
650 _aहिन्दी साहित्य
942 _hO152,1(/\25):g, P8
_cTEXL
_2cc
999 _c1013999
_d1013999